000 00965nas a2200325 4500
001 BR2012008726
003 BR-BrBNA
005 20231205121432.0
007 ta
008 230509b bl.|||p| |||| 00| 00por d
040 _aBR-BrBNA
_bpor
_cBiblioteca Nacional de Agricultura
041 _a(Pt)
072 _aL73
100 1 _aTrindade, M.M.
100 1 _aPereira, L.Q.
100 1 _aBattisti, L.O.
100 1 _aFlôres, F.
100 1 _aLovato, M.
245 1 _aSurto por Libyostrogylus sp. em avestruzes (Struthio camelus)em um criadouro conservacionista na região de Santa Maria/RS
650 _aAVESTRUZ
650 _aPARASITO
650 _aMANEJO
650 _aDIAGNÓSTICO
650 _aNECROPSIA
650 _aEPIDEMIA
650 _aRIO GRANDE DO SUL
773 0 _tA Hora Veterinária (Brazil)
_xISSN 0101-9163
_g(Nov-Dec 2010), v. 30(178) p. 50-52
_wBR2012008726
909 _a202311
_bLúcia
_c55
_dLúcia Elande
942 _2AGRIS
_n0
_cANA
999 _c223560
_d223560